Theology for the Third Millennium (Record no. 22020)
[ view plain ]
| 000 -LEADER | |
|---|---|
| fixed length control field | 00418nam a2200181Ia 4500 |
| 003 - CONTROL NUMBER IDENTIFIER | |
| control field | 0100 |
| 005 - DATE AND TIME OF LATEST TRANSACTION | |
| control field | 20171108100355.0 |
| 008 - FIXED-LENGTH DATA ELEMENTS--GENERAL INFORMATION | |
| fixed length control field | 130303s9999 xx 000 0 und d |
| 040 ## - CATALOGING SOURCE | |
| Transcribing agency | ARRUPELIB |
| 050 ## - LIBRARY OF CONGRESS CALL NUMBER | |
| Classification number | BT78.K86131988 |
| 100 ## - MAIN ENTRY--PERSONAL NAME | |
| Personal name | Kung, Hans |
| 9 (RLIN) | 37451 |
| 245 ## - TITLE STATEMENT | |
| Title | Theology for the Third Millennium |
| 245 ## - TITLE STATEMENT | |
| Remainder of title | an Ecumenical view |
| 260 ## - PUBLICATION, DISTRIBUTION, ETC. (IMPRINT) | |
| Place of publication, distribution, etc | NY |
| 260 ## - PUBLICATION, DISTRIBUTION, ETC. (IMPRINT) | |
| Name of publisher, distributor, etc | Doubleday |
| 300 ## - PHYSICAL DESCRIPTION | |
| Extent | 316p |
| 700 ## - ADDED ENTRY--PERSONAL NAME | |
| Personal name | tr. by Peter Heinegg |
| 9 (RLIN) | 37452 |
| 942 ## - ADDED ENTRY ELEMENTS (KOHA) | |
| Source of classification or shelving scheme | Library of Congress Classification |
| Koha item type | Monograph ( Printed materials) |
| Withdrawn status | Lost status | Source of classification or shelving scheme | Damaged status | Not for loan | Collection code | Home library | Current library | Date acquired | Total Checkouts | Full call number | Barcode | Date last seen | Copy number | Price effective from | Koha item type |
|---|---|---|---|---|---|---|---|---|---|---|---|---|---|---|---|
| Library of Congress Classification | Main Collection | ARRUPE LIBRARY | ARRUPE COLLEGE BOOKSTORE | 04/03/2013 | BT78.K8613 1988 | 46003021605 | 11/01/2017 | 1 | 04/03/2013 | Monograph ( Printed materials) |